[Event "SRB-chT (Women) Div1"]
[Site "Senta"]
[Date "2023.10.11"]
[Round "2.4"]
[White "Zivkovic, Vesna"]
[Black "Petrovic, Marija"]
[Result "1/2-1/2"]
[WhiteElo "1953"]
[BlackElo "1909"]
[PlyCount "20"]
[EventDate "2023.10.10"]
[EventType "team-tourn"]
[EventRounds "11"]
[EventCountry "SRB"]
[SourceTitle "Mega2024 Update 01"]
[Source "Chessbase"]
[SourceDate "2023.11.12"]
[SourceVersion "1"]
[SourceVersionDate "2023.11.12"]
[SourceQuality "1"]
[WhiteTeam "Nova Varos Zlatar (W)"]
[BlackTeam "Lucani Mladost (W)"]
[WhiteTeamCountry "SRB"]
[BlackTeamCountry "SRB"]

1. d4 d5 2. Nf3 Nf6 3. e3 c6 4. Be2 Bf5 5. 0-0 h6 6. Nbd2 e6 7. c4 Nbd7 8. b3 Be7 9. Bb2 0-0 10. Rc1 Rc8 1/2-1/2

[Event "SRB-chT (Women)"]
[Site "Custica"]
[Date "2022.10.28"]
[Round "7.4"]
[White "Petrovic, Marija"]
[Black "Radenkovic, Mila"]
[Result "1-0"]
[WhiteElo "1977"]
[BlackElo "1783"]
[PlyCount "89"]
[EventDate "2022.10.22"]
[EventType "team-tourn"]
[EventRounds "11"]
[EventCountry "SRB"]
[SourceTitle "EXT 2024"]
[Source "ChessBase"]
[SourceDate "2023.10.10"]
[SourceVersion "1"]
[SourceVersionDate "2023.10.10"]
[SourceQuality "1"]
[WhiteTeam "Topola Karadorde (W)"]
[BlackTeam "Novi Banovci (W)"]
[WhiteTeamCountry "SRB"]
[BlackTeamCountry "SRB"]

1. d4 Nf6 2. Bf4 d6 3. e3 Nbd7 4. Nf3 g6 5. h3 Bg7 6. c3 0-0 7. Bc4 d5 8. Bb3 c5 9. Nbd2 c4 10. Bc2 Re8 11. 0-0 a6 12. a4 b6 13. Ne5 Nxe5 14. Bxe5 Bf5 15. Bxf5 gxf5 16. Bxf6 Bxf6 17. Qh5 e6 18. g4 fxg4 19. hxg4 Kf8 20. f4 Ke7 21. g5 Bg7 22. Qxh7 Rg8 23. Nf3 Qf8 24. Qh3 Rh8 25. Qg3 f5 26. Kg2 Qf7 27. Rh1 a5 28. g6 Qf6 29. Rh7 Rxh7 30. gxh7 Bh8 31. Rh1 Rf8 32. Ne5 Kd6 33. Ng6 Rf7 34. Qg5 Qg7 35. Ne5 Re7 36. Kf3 Kc7 37. Qxg7 Rxg7 38. Rh6 Re7 39. Ng6 Re8 40. Kg3 Kd7 41. Kh4 Bg7 42. h8Q Rxh8 43. Rxh8 Bxh8 44. Nxh8 Kc6 45. Nf7 1-0

[Event "SRB-chT (Women)"]
[Site "Custica"]
[Date "2022.10.26"]
[Round "5.3"]
[White "Petrovic, Marija"]
[Black "Vuckovic, Lidija"]
[Result "1/2-1/2"]
[WhiteElo "1977"]
[BlackElo "1824"]
[PlyCount "20"]
[EventDate "2022.10.22"]
[EventType "team-tourn"]
[EventRounds "11"]
[EventCountry "SRB"]
[SourceTitle "EXT 2024"]
[Source "ChessBase"]
[SourceDate "2023.10.10"]
[SourceVersion "1"]
[SourceVersionDate "2023.10.10"]
[SourceQuality "1"]
[WhiteTeam "Topola Karadorde (W)"]
[BlackTeam "Nova Varos Zlatar (W)"]
[WhiteTeamCountry "SRB"]
[BlackTeamCountry "SRB"]

1. Nf3 Nf6 2. d4 d5 3. c3 c6 4. Bf4 Bf5 5. Nbd2 e6 6. e3 Bd6 7. Bxd6 Qxd6 8. h3 h6 9. Be2 Nbd7 10. 0-0 0-0 1/2-1/2

[Event "SRB-chT (Women)"]
[Site "Custica"]
[Date "2022.10.25"]
[Round "4.5"]
[White "Bojicic, Andjela"]
[Black "Petrovic, Marija"]
[Result "1-0"]
[WhiteElo "2117"]
[BlackElo "1977"]
[PlyCount "78"]
[EventDate "2022.10.22"]
[EventType "team-tourn"]
[EventRounds "11"]
[EventCountry "SRB"]
[SourceTitle "EXT 2024"]
[Source "ChessBase"]
[SourceDate "2023.10.10"]
[SourceVersion "1"]
[SourceVersionDate "2023.10.10"]
[SourceQuality "1"]
[WhiteTeam "Kac Jugovic (W)"]
[BlackTeam "Topola Karadorde (W)"]
[WhiteTeamCountry "SRB"]
[BlackTeamCountry "SRB"]

1. d4 g6 2. c4 Bg7 3. Nc3 d6 4. e4 Nd7 5. f3 e5 6. d5 Ne7 7. Be3 f5 8. Qd2 Nf6 9. Bd3 0-0 10. 0-0-0 fxe4 11. Bxe4 Nf5 12. Bxf5 Bxf5 13. g4 Bd7 14. h4 a6 15. h5 Rf7 16. hxg6 hxg6 17. Qc2 e4 18. Nh3 Qe8 19. Ng5 Re7 20. Ncxe4 Bxg4 21. fxg4 Nxe4 22. Ne6 Nf6 23. Bd4 Rxe6 24. dxe6 Qxe6 25. Bxf6 Qxf6 26. Qh2 Qg5+ 27. Kb1 Kf8 28. Rhf1+ Ke8 29. Qh7 Qe7 30. Rde1 Be5 31. Qg8+ Kd7 32. Qxa8 Kc6 33. Qf8 Qe6 34. Qf3+ Kb6 35. Qe4 c6 36. a3 a5 37. Rf3 a4 38. c5+ Kxc5 39. Qb4+ Kd5 1-0

[Event "SRB-chT (Women)"]
[Site "Custica"]
[Date "2022.10.24"]
[Round "3.2"]
[White "Petrovic, Marija"]
[Black "Petrovic, Tijana"]
[Result "1-0"]
[WhiteElo "1977"]
[BlackElo "1775"]
[PlyCount "109"]
[EventDate "2022.10.22"]
[EventType "team-tourn"]
[EventRounds "11"]
[EventCountry "SRB"]
[SourceTitle "EXT 2024"]
[Source "ChessBase"]
[SourceDate "2023.10.10"]
[SourceVersion "1"]
[SourceVersionDate "2023.10.10"]
[SourceQuality "1"]
[WhiteTeam "Topola Karadorde (W)"]
[BlackTeam "Kostolac Rudar (W)"]
[WhiteTeamCountry "SRB"]
[BlackTeamCountry "SRB"]

1. d4 Nf6 2. Nf3 d5 3. Bf4 c5 4. e3 Nc6 5. c3 e6 6. Nbd2 Be7 7. Bd3 0-0 8. Ne5 Nd7 9. Qh5 f5 10. Nxd7 Bxd7 11. h4 Qe8 12. Qxe8 Raxe8 13. Nf3 c4 14. Bc2 b5 15. a3 a5 16. Kd2 b4 17. axb4 axb4 18. Ba4 Rd8 19. Bxc6 Bxc6 20. Ra7 bxc3+ 21. Kxc3 Bf6 22. Rha1 Ra8 23. Be5 h6 24. R1a3 Rxa7 25. Rxa7 Ra8 26. Rxa8+ Bxa8 27. Bxf6 gxf6 28. Kb4 Bc6 29. Nd2 Kf7 30. Nb1 Ke7 31. Nc3 Kd6 32. g3 h5 33. Ka5 Kc7 34. Ne2 Kd6 35. Nf4 Be8 36. Kb6 Bf7 37. Ne2 Be8 38. Nc3 Bc6 39. Ne2 Be8 40. f3 Bf7 41. Kb7 Kd7 42. Nc3 Be8 43. e4 fxe4 44. fxe4 Kd6 45. exd5 exd5 46. Kc8 Ke6 47. Kc7 Bg6 48. Ne2 Kf5 49. Kd6 Bf7 50. Ke7 Bg8 51. Kf8 Bh7 52. Kg7 Bg6 53. Nf4 Be8 54. Nxd5 Bc6 55. Ne7+ 1-0

[Event "SRB-chT (Women)"]
[Site "Custica"]
[Date "2022.10.23"]
[Round "2.6"]
[White "Stojanovic, Andjelija"]
[Black "Petrovic, Marija"]
[Result "1/2-1/2"]
[WhiteElo "2275"]
[BlackElo "1977"]
[PlyCount "55"]
[EventDate "2022.10.22"]
[EventType "team-tourn"]
[EventRounds "11"]
[EventCountry "SRB"]
[SourceTitle "EXT 2024"]
[Source "ChessBase"]
[SourceDate "2023.10.10"]
[SourceVersion "1"]
[SourceVersionDate "2023.10.10"]
[SourceQuality "1"]
[WhiteTeam "Nis Osnovac (W)"]
[BlackTeam "Topola Karadorde (W)"]
[WhiteTeamCountry "SRB"]
[BlackTeamCountry "SRB"]

1. Nf3 Nf6 2. g3 g6 3. Bg2 Bg7 4. 0-0 0-0 5. c4 d6 6. Nc3 e5 7. d4 Nbd7 8. e3 c6 9. b3 Re8 10. a4 e4 11. Nd2 d5 12. cxd5 cxd5 13. f3 exf3 14. Qxf3 Qe7 15. Re1 Nb6 16. Ba3 Qd8 17. a5 Bg4 18. Qf1 Nc8 19. a6 bxa6 20. Qxa6 Re6 21. Qb7 Nd6 22. Bxd6 Rxd6 23. Rxa7 Rxa7 24. Qxa7 Rd7 25. Qa6 Rd6 26. Qa7 Rd7 27. Qa6 Rd6 28. Qa7 1/2-1/2

[Event "SRB-ch sf (Women)"]
[Site "Paracin"]
[Date "2022.03.23"]
[Round "7"]
[White "Bojicic, Andjela"]
[Black "Petrovic, Marija"]
[Result "0-1"]
[WhiteElo "2152"]
[BlackElo "1987"]
[PlyCount "140"]
[EventDate "2022.03.17"]
[EventType "swiss"]
[EventRounds "7"]
[EventCountry "SRB"]
[SourceTitle "EXT 2023"]
[Source "ChessBase"]
[SourceDate "2022.10.05"]
[SourceVersion "1"]
[SourceVersionDate "2022.10.05"]
[SourceQuality "1"]

1. d4 d5 2. c4 Bf5 3. Nc3 e6 4. cxd5 exd5 5. Nf3 c6 6. Bf4 Qb6 7. Qc1 Nf6 8. e3 Nbd7 9. Be2 h6 10. 0-0 Be7 11. a3 0-0 12. Ne5 Qd8 13. Na4 a5 14. Nd3 Ne4 15. f3 Nd6 16. b3 Ra7 17. Nf2 Nf6 18. Qd2 Re8 19. Nc5 Bf8 20. Rfe1 Bg6 21. Be5 Nd7 22. Nxd7 Qxd7 23. Nd3 Nf5 24. Bf4 f6 25. Bf1 b6 26. g4 Nd6 27. Bg3 Bf7 28. Nf4 a4 29. Bd3 axb3 30. Bb1 f5 31. gxf5 Nxf5 32. Qd3 g6 33. Qxb3 Bd6 34. Bxf5 Qxf5 35. Qxb6 Rxa3 36. Rxa3 Bxa3 37. Qb3 Bf8 38. Qd3 Qf6 39. Qe2 c5 40. dxc5 Bxc5 41. Qd3 Qc6 42. Bf2 g5 43. Ng2 Qe6 44. Qc3 Bf8 45. Qd4 Bg7 46. Qg4 Qg6 47. e4 h5 48. Qf5 dxe4 49. fxe4 Bc3 50. Rc1 Bd2 51. Rd1 Bb4 52. Rb1 Rxe4 53. Qc8+ Re8 54. Qc1 Bd6 55. Rb6 Re6 56. Qc8+ Bf8 57. Bc5 Rxb6 58. Qxf8+ Kh7 59. Bxb6 Qxb6+ 60. Kf1 Bc4+ 61. Ke1 Qg1+ 62. Kd2 Qxg2+ 63. Kc3 Qd5 64. Qe7+ Kg6 65. Qe8+ Kf5 66. Qxh5 Qd3+ 67. Kb4 Qb3+ 68. Kc5 Bf7 69. Qh7+ Kf4 70. Qh6 Qc4+ 0-1

[Event "SRB-ch sf (Women)"]
[Site "Paracin"]
[Date "2022.03.21"]
[Round "5"]
[White "Dimitrijevic, Andjela"]
[Black "Petrovic, Marija"]
[Result "1-0"]
[WhiteElo "1921"]
[BlackElo "1987"]
[PlyCount "120"]
[EventDate "2022.03.17"]
[EventType "swiss"]
[EventRounds "7"]
[EventCountry "SRB"]
[SourceTitle "EXT 2023"]
[Source "ChessBase"]
[SourceDate "2022.10.05"]
[SourceVersion "1"]
[SourceVersionDate "2022.10.05"]
[SourceQuality "1"]

1. e4 g6 2. d4 Bg7 3. Nc3 c6 4. Nf3 d6 5. h3 Nf6 6. a4 0-0 7. Be3 Qa5 8. Nd2 Qc7 9. Be2 e5 10. dxe5 dxe5 11. 0-0 Rd8 12. Bc4 Nbd7 13. Qe2 Nf8 14. Nb3 Nh5 15. Rfd1 Re8 16. Rd2 Qe7 17. Rad1 Qh4 18. Qf3 Nf4 19. Ne2 N8e6 20. Nc5 Nxe2+ 21. Rxe2 Nf4 22. Red2 b6 23. Nd3 g5 24. Nb4 c5 25. Nd5 Be6 26. Bb5 Rf8 27. Qg3 Qh6 28. Nc7 Rab8 29. Nxe6 Nxe6 30. c3 Qf6 31. Qg4 h6 32. Rd7 Rfd8 33. Qf5 Rxd7 34. Rxd7 Rd8 35. Qxf6 Bxf6 36. Kh2 Rxd7 37. Bxd7 Nf8 38. Bb5 Be7 39. Kg1 Kg7 40. Kf1 Kf6 41. Ke2 Bd6 42. g3 Ke7 43. Kd3 Bc7 44. Kc4 Kd6 45. Be8 f6 46. Kb5 Bb8 47. a5 Bc7 48. b4 cxb4 49. cxb4 Ne6 50. axb6 axb6 51. Bxb6 Nd4+ 52. Ka6 Nb3 53. Bxc7+ Kxc7 54. Bf7 Nd4 55. b5 Kb8 56. Kb6 f5 57. exf5 Nxf5 58. Kc5 e4 59. Be6 e3 60. fxe3 Nxe3 1-0

[Event "SRB-ch sf (Women)"]
[Site "Paracin"]
[Date "2022.03.17"]
[Round "1"]
[White "Srdanovic, Jovana"]
[Black "Petrovic, Marija"]
[Result "1-0"]
[WhiteElo "2194"]
[BlackElo "1987"]
[PlyCount "129"]
[EventDate "2022.03.17"]
[EventType "swiss"]
[EventRounds "7"]
[EventCountry "SRB"]
[SourceTitle "EXT 2023"]
[Source "ChessBase"]
[SourceDate "2022.10.05"]
[SourceVersion "1"]
[SourceVersionDate "2022.10.05"]
[SourceQuality "1"]

1. d4 d5 2. Nf3 Nf6 3. c4 c6 4. Nc3 g6 5. e3 Bg7 6. Bd3 0-0 7. 0-0 a5 8. b3 Na6 9. Bb2 c5 10. h3 cxd4 11. exd4 Nb4 12. Bb1 Re8 13. Re1 Ra6 14. a3 Nc6 15. Bd3 Ra8 16. Bc2 e6 17. Qd2 Bd7 18. Nb5 Bc8 19. c5 Rf8 20. Nd6 Ne8 21. Nxc8 Qxc8 22. b4 axb4 23. axb4 Rxa1 24. Rxa1 Nc7 25. Bd3 Qd7 26. b5 Ne7 27. Qb4 Rb8 28. Bc1 Nf5 29. b6 Ne8 30. Bb5 Qd8 31. Ra7 Ned6 32. Bg5 f6 33. Bf4 e5 34. dxe5 Nxb5 35. Qxb5 fxe5 36. Nxe5 Nd4 37. Qd3 Ne6 38. Nxg6 Nxc5 39. Qxd5+ Qxd5 40. Ne7+ Kf7 41. Nxd5 Rd8 42. Ne3 Ke6 43. Ra5 Bd4 44. Nc2 Nd3 45. Nxd4+ Rxd4 46. Be3 Rd7 47. Kf1 Nb4 48. Rh5 Rf7 49. Rh6+ Ke5 50. Ke2 Nc6 51. Rh5+ Ke6 52. f4 Ne7 53. g4 Nd5 54. Kf3 Nf6 55. Re5+ Kd6 56. Rf5 Ke6 57. Bd4 Nd5 58. Rxf7 Kxf7 59. Ke4 Ne7 60. Bc5 Ng8 61. Ke5 Nf6 62. Bf2 Ne8 63. Bh4 Ng7 64. f5 Ne8 65. f6 1-0

[Event "SRB-chT (Women) Div1"]
[Site "Vrnjacka Banja"]
[Date "2021.09.11"]
[Round "5.4"]
[White "Vukosavljevic, Tatjana"]
[Black "Petrovic, Marija"]
[Result "1/2-1/2"]
[WhiteElo "1708"]
[BlackElo "1969"]
[PlyCount "60"]
[EventDate "2021.09.07"]
[EventType "tourn"]
[EventRounds "11"]
[EventCountry "SRB"]
[SourceTitle "CBM 204 Extra"]
[Source "ChessBase"]
[SourceDate "2021.11.30"]
[SourceVersion "1"]
[SourceVersionDate "2021.11.30"]
[SourceQuality "1"]
[WhiteTeam "Belgrade Vidikovac (W)"]
[BlackTeam "Topola Karadorde (W)"]
[WhiteTeamCountry "SRB"]
[BlackTeamCountry "SRB"]

1. Nf3 Nf6 2. g3 g6 3. Bg2 Bg7 4. 0-0 0-0 5. d4 d6 6. c4 Nbd7 7. Nc3 e5 8. e4 a5 9. h3 Re8 10. d5 Nc5 11. Ne1 Bd7 12. Nd3 Nxd3 13. Qxd3 Nh5 14. Qe2 Rf8 15. Bd2 Be8 16. a3 a4 17. b4 axb3 18. a4 b6 19. Rfb1 f5 20. Nb5 f4 21. g4 Nf6 22. Rxb3 Nd7 23. Rba3 Nc5 24. Bb4 Nb7 25. a5 bxa5 26. Bxa5 Nxa5 27. Rxa5 Rxa5 28. Rxa5 Qb8 29. Qd3 Qb6 30. Qa3 Bd7 1/2-1/2

[Event "SRB-chT (Women)"]
[Site "Valjevo"]
[Date "2020.10.01"]
[Round "9.4"]
[White "Petrovic, Marija"]
[Black "Rakic, Teodora"]
[Result "1/2-1/2"]
[WhiteElo "1930"]
[BlackElo "2005"]
[PlyCount "224"]
[EventDate "2020.09.25"]
[EventType "team-tourn"]
[EventRounds "11"]
[EventCountry "SRB"]
[SourceTitle "CBM 198 Extra"]
[Source "ChessBase"]
[SourceDate "2020.11.30"]
[SourceVersion "1"]
[SourceVersionDate "2020.11.30"]
[SourceQuality "1"]
[WhiteTeam "Lucani Mladost (W)"]
[BlackTeam "Belgrade Crvena Zvezda (W)"]
[WhiteTeamCountry "SRB"]
[BlackTeamCountry "SRB"]

1. d4 Nf6 2. Nf3 g6 3. Bf4 Bg7 4. c3 d6 5. h3 0-0 6. Nbd2 Nbd7 7. e4 e5 8. dxe5 dxe5 9. Be3 Qe7 10. Qc2 b6 11. Bc4 h6 12. b4 Rd8 13. 0-0 Nf8 14. Rfd1 Nh5 15. Bf1 Nf4 16. Nc4 Bd7 17. a4 g5 18. Rd2 h5 19. Nh2 Qf6 20. f3 N4e6 21. Rad1 Be8 22. Bf2 Rxd2 23. Rxd2 Rd8 24. Rxd8 Qxd8 25. a5 Bb5 26. axb6 axb6 27. Be3 f6 28. Qd2 Qxd2 29. Bxd2 Bd7 30. Ne3 c6 31. g3 Ng6 32. Bc4 Bf8 33. Kf2 Kf7 34. Nhf1 Ke8 35. Nf5 Ng7 36. h4 gxh4 37. Nxh4 Nxh4 38. gxh4 Be7 39. Bh6 Ne6 40. Ng3 Nf4 41. Bxf4 exf4 42. Nxh5 f5 43. Nxf4 Bxh4+ 44. Ke2 fxe4 45. fxe4 Bf6 46. Kd3 Ke7 47. Bg8 Kd6 48. c4 Be8 49. Bh7 Ke5 50. Ne2 Be7 51. Kc3 Bh5 52. Nc1 Kd6 53. Bf5 Bf8 54. Nb3 Ke5 55. Bh7 Bd1 56. Nc1 Kd6 57. Bg6 Bg7+ 58. Kd2 Bg4 59. Nd3 c5 60. bxc5+ bxc5 61. Bf7 Bd4 62. Bd5 Bg7 63. Nc1 Bh6+ 64. Kc2 Bd7 65. Nd3 Bg7 66. Kd2 Bg4 67. Ke3 Bh6+ 68. Kf2 Bg7 69. Kg3 Be2 70. Nc1 Bd1 71. Nd3 Be2 72. Ne1 Bd1 73. Kf4 Be5+ 74. Kf5 Ba4 75. Nd3 Bd7+ 76. Kg5 Bc3 77. Kg6 Be8+ 78. Bf7 Bc6 79. Kf5 Bd7+ 80. Kg5 Bc6 81. Kf4 Bd4 82. e5+ Ke7 83. Bd5 Be8 84. Bg8 Bg6 85. Ne1 Bc3 86. Nf3 Bd3 87. Ke3 Bf1 88. Bd5 Bg2 89. Kd3 Bb2 90. Nh4 Bxd5 91. cxd5 Bxe5 92. Kc4 Bd6 93. Nf5+ Kd7 94. Kb5 Bf8 95. Kc4 Bd6 96. Kd3 Bb8 97. Ne3 Bf4 98. Nc4 Bh2 99. Ke4 Bd6 100. Kd3 Bh2 101. Na5 Kc7 102. Kc4 Kb6 103. Nb3 Bd6 104. Nd2 Kb7 105. Ne4 Kc7 106. Kb5 Bf8 107. Nxc5 Bxc5 108. Kxc5 Kd7 109. d6 Kd8 110. Kc6 Kc8 111. Kd5 Kd7 112. Ke5 Kd8 1/2-1/2

[Event "SRB-chT (Women)"]
[Site "Valjevo"]
[Date "2020.09.30"]
[Round "8.3"]
[White "Nestorovic, Katarina"]
[Black "Petrovic, Marija"]
[Result "0-1"]
[WhiteElo "2082"]
[BlackElo "1930"]
[PlyCount "172"]
[EventDate "2020.09.25"]
[EventType "team-tourn"]
[EventRounds "11"]
[EventCountry "SRB"]
[SourceTitle "CBM 198 Extra"]
[Source "ChessBase"]
[SourceDate "2020.11.30"]
[SourceVersion "1"]
[SourceVersionDate "2020.11.30"]
[SourceQuality "1"]
[WhiteTeam "Sremska Mitrovica Sirmium (W)"]
[BlackTeam "Lucani Mladost (W)"]
[WhiteTeamCountry "SRB"]
[BlackTeamCountry "SRB"]

1. e4 e5 2. Nf3 Qe7 3. Bc4 d6 4. Nc3 c6 5. h3 Nf6 6. d3 h6 7. 0-0 Qc7 8. a4 a5 9. Nh4 g5 10. Qf3 Be7 11. Nf5 Bxf5 12. Qxf5 Qd7 13. Qxd7+ Nbxd7 14. Be3 Rg8 15. g3 Rg7 16. Kg2 0-0-0 17. Rad1 Nh5 18. Kh2 Nhf6 19. Ba2 Kc7 20. d4 Rdg8 21. Rg1 exd4 22. Bxd4 Ne5 23. Kg2 g4 24. hxg4 Rxg4 25. Bxe5 dxe5 26. Bxf7 Rh8 27. Be6 Rg7 28. Rh1 h5 29. Bf5 Bc5 30. Kf1 Ne8 31. g4 Nf6 32. f3 Be3 33. Ke2 Bf4 34. Rh3 h4 35. Rdh1 Bg5 36. Nd1 Rd8 37. Ne3 b5 38. axb5 cxb5 39. Ra1 Kb6 40. Rhh1 Rc7 41. Rhd1 Rxd1 42. Rxd1 Kc5 43. Rd3 b4 44. b3 a4 45. bxa4 Ra7 46. Nd5 Rxa4 47. Nxf6 Bxf6 48. Rd5+ Kc4 49. Rd6 Be7 50. Re6 Ra7 51. Rc6+ Kb5 52. Rh6 Rc7 53. Kd1 Kc5 54. Rh5 Kd4 55. g5 Ke3 56. g6 Bf6 57. Bg4 Rg7 58. Kc1 Rxg6 59. Kb2 Kd4 60. Kb3 Rg7 61. Rh6 Rf7 62. Be6 Rf8 63. Rh7 Rb8 64. Bg4 Ke3 65. Rf7 Bg5 66. Rg7 Bf4 67. Rh7 Bg3 68. Rh5 Kd4 69. Rh7 Be1 70. Rd7+ Ke3 71. Re7 Kf4 72. Rf7+ Kg3 73. Re7 Bc3 74. Rh7 Rd8 75. Rh6 Rd1 76. Rh7 Rh1 77. Rg7 h3 78. Bd7+ Kxf3 79. Rf7+ Ke3 80. Rh7 h2 81. Kc4 Kd2 82. Ba4 Ke1 83. Rh3 Bd2 84. Bd7 Bf4 85. Bg4 Kd2 86. Bf3 Rb1 0-1

[Event "SRB-chT (Women)"]
[Site "Valjevo"]
[Date "2020.09.25"]
[Round "1.5"]
[White "Marcetic, Marija"]
[Black "Petrovic, Marija"]
[Result "0-1"]
[WhiteElo "2100"]
[BlackElo "1930"]
[PlyCount "96"]
[EventDate "2020.09.25"]
[EventType "team-tourn"]
[EventRounds "11"]
[EventCountry "SRB"]
[SourceTitle "CBM 198 Extra"]
[Source "ChessBase"]
[SourceDate "2020.11.30"]
[SourceVersion "1"]
[SourceVersionDate "2020.11.30"]
[SourceQuality "1"]
[WhiteTeam "Valjevo 2005 (W)"]
[BlackTeam "Lucani Mladost (W)"]
[WhiteTeamCountry "SRB"]
[BlackTeamCountry "SRB"]

1. e4 e5 2. Nf3 Nc6 3. Bb5 Nge7 4. d4 Nxd4 5. Nxd4 exd4 6. Qxd4 c6 7. Bc4 d5 8. exd5 Nxd5 9. 0-0 Be6 10. Re1 Nf6 11. Qxd8+ Rxd8 12. Bxe6 fxe6 13. Rxe6+ Kf7 14. Re1 Bc5 15. Nc3 Bd4 16. Be3 Bxe3 17. Rxe3 Rd2 18. Re2 Rxe2 19. Nxe2 Rd8 20. Kf1 Rd2 21. Rc1 g5 22. Ke1 Rd5 23. f3 g4 24. Rd1 Rh5 25. fxg4 Rxh2 26. Kf2 Nxg4+ 27. Kg3 Rxg2+ 28. Kf3 Rf2+ 29. Kxg4 Rxe2 30. Rd7+ Re7 31. Rd2 Kf6 32. Kf4 Ke6 33. Ke4 h5 34. Rh2 Kf6+ 35. Kf4 Rh7 36. a4 b6 37. b4 h4 38. Rh3 Ke6 39. Ke4 Rh5 40. c3 Rh7 41. a5 Rh5 42. axb6 axb6 43. c4 b5 44. cxb5 Rxb5 45. Kd4 Rxb4+ 46. Kc5 Rb5+ 47. Kxc6 Rh5 48. Rh1 h3 0-1

[Event "SRB-chT (Women)"]
[Site "Subotica"]
[Date "2019.08.31"]
[Round "10.6"]
[White "Petrovic, Marija"]
[Black "Matkovic, Simana"]
[Result "1-0"]
[WhiteElo "1987"]
[BlackElo "1933"]
[PlyCount "135"]
[EventDate "2019.08.22"]
[EventType "team-tourn"]
[EventRounds "11"]
[EventCountry "SRB"]
[SourceTitle "EXT 2020"]
[Source "ChessBase"]
[SourceDate "2019.10.17"]
[SourceVersion "1"]
[SourceVersionDate "2019.10.17"]
[SourceQuality "1"]
[WhiteTeam "Lucani Mladost (W)"]
[BlackTeam "Sombor (W)"]
[WhiteTeamCountry "SRB"]
[BlackTeamCountry "SRB"]

1. Nf3 d5 2. g3 Nf6 3. Bg2 Bf5 4. 0-0 c6 5. b3 h6 6. Bb2 e6 7. d3 Be7 8. Nbd2 0-0 9. c4 Nbd7 10. Qc2 a5 11. a3 Bh7 12. Bc3 Qc7 13. Qb2 Bd6 14. b4 b6 15. e4 e5 16. cxd5 cxd5 17. Rfc1 Qb8 18. exd5 axb4 19. axb4 Rxa1 20. Rxa1 Nxd5 21. Ne4 Nxc3 22. Qxc3 Rc8 23. Qb3 Be7 24. Nfd2 Bf5 25. Qb2 Be6 26. Bf1 Qc7 27. Nc4 f5 28. Ned2 Bf6 29. Qa3 b5 30. Qa6 Nf8 31. Qxb5 Rb8 32. Qc5 Qb7 33. Rb1 Rc8 34. Nd6 Rxc5 35. Nxb7 Rb5 36. Nd6 Rb8 37. N2c4 Nd7 38. Bg2 Nb6 39. Bc6 Be7 40. b5 Nxc4 41. Nxc4 Bxc4 42. dxc4 Bc5 43. Kg2 g5 44. Rd1 Bd4 45. f4 gxf4 46. gxf4 Kg7 47. fxe5 Bxe5 48. Rd7+ Kf6 49. Rh7 Kg6 50. Rd7 Kf6 51. Bd5 Bf4 52. h4 Be5 53. Kf3 Rb6 54. Bc6 Rb8 55. Bb7 Rg8 56. Ke2 Rg4 57. c5 Rxh4 58. c6 Rb4 59. Rd5 Bc7 60. Bc8 Be5 61. Bd7 Bc7 62. Rxf5+ Kg6 63. Rd5 Bb6 64. Kd3 Kf6 65. Kc3 Ba5 66. Kc2 Bb6 67. Bf5 Rd4 68. Rxd4 1-0

[Event "SRB-chT (Women)"]
[Site "Subotica"]
[Date "2019.08.30"]
[Round "9.2"]
[White "Kezele, Tamara"]
[Black "Petrovic, Marija"]
[Result "1/2-1/2"]
[WhiteElo "1982"]
[BlackElo "1987"]
[PlyCount "82"]
[EventDate "2019.08.22"]
[EventType "team-tourn"]
[EventRounds "11"]
[EventCountry "SRB"]
[SourceTitle "EXT 2020"]
[Source "ChessBase"]
[SourceDate "2019.10.17"]
[SourceVersion "1"]
[SourceVersionDate "2019.10.17"]
[SourceQuality "1"]
[WhiteTeam "Belgrade Radnicki (W)"]
[BlackTeam "Lucani Mladost (W)"]
[WhiteTeamCountry "SRB"]
[BlackTeamCountry "SRB"]

1. e4 e5 2. Nf3 Qe7 3. Nc3 c6 4. a4 d6 5. Be2 Nf6 6. 0-0 Qc7 7. d4 Be7 8. h3 h6 9. Be3 Nbd7 10. Qd2 g5 11. Nh2 Nf8 12. Bc4 Ng6 13. f3 Nh5 14. Ne2 Nhf4 15. Bxf4 gxf4 16. Ng4 h5 17. Nf2 Rg8 18. Kh1 Bd8 19. Rad1 Qe7 20. dxe5 dxe5 21. Qd6 Qxd6 22. Rxd6 Ke7 23. Rxd8 Rxd8 24. Nd3 Be6 25. Bxe6 Kxe6 26. g3 fxg3 27. Nxg3 b6 28. Nf5 c5 29. b3 Rac8 30. Ng7+ Ke7 31. Nf5+ Kf6 32. Ne3 Nf4 33. Nxf4 exf4 34. Nd5+ Ke5 35. c3 Rc6 36. Kh2 Rg6 37. Rf2 Rd7 38. Rd2 Rg3 39. Rd3 Rb7 40. c4 Rg6 41. Rd2 f6 1/2-1/2

[Event "SRB-chT (Women)"]
[Site "Subotica"]
[Date "2019.08.24"]
[Round "3.4"]
[White "Gakovic, Isidora"]
[Black "Petrovic, Marija"]
[Result "0-1"]
[WhiteElo "1745"]
[BlackElo "1987"]
[PlyCount "60"]
[EventDate "2019.08.22"]
[EventType "team-tourn"]
[EventRounds "11"]
[EventCountry "SRB"]
[SourceTitle "EXT 2020"]
[Source "ChessBase"]
[SourceDate "2019.10.17"]
[SourceVersion "1"]
[SourceVersionDate "2019.10.17"]
[SourceQuality "1"]
[WhiteTeam "Novi Sad CC (W)"]
[BlackTeam "Lucani Mladost (W)"]
[WhiteTeamCountry "SRB"]
[BlackTeamCountry "SRB"]

1. e4 g6 2. d4 Bg7 3. Nf3 d6 4. c3 Nf6 5. Qc2 0-0 6. Be2 Nbd7 7. 0-0 e5 8. dxe5 dxe5 9. Rd1 Qe7 10. b3 c5 11. Nbd2 Nh5 12. Nc4 Nf4 13. Bf1 b6 14. Nd6 Nf6 15. g3 Bg4 16. Bg2 Nxg2 17. Kxg2 Rad8 18. Nc4 Rxd1 19. Qxd1 Nxe4 20. Qe1 Bxf3+ 21. Kxf3 Nxc3 22. Bb2 Qb7+ 23. Kg4 h5+ 24. Kh3 Ne4 25. Bc1 Qd5 26. f3 Nd6 27. Nxd6 Qxd6 28. Bg5 e4 29. fxe4 Bxa1 30. Qxa1 Qe6+ 0-1

[Event "Paracin Summer op-B 12th"]
[Site "Paracin"]
[Date "2019.07.05"]
[Round "1"]
[White "Davidov, Lazar"]
[Black "Petrovic, Marija"]
[Result "1/2-1/2"]
[WhiteElo "1683"]
[BlackElo "2036"]
[PlyCount "40"]
[EventDate "2019.07.05"]
[EventType "swiss"]
[EventRounds "9"]
[EventCountry "SRB"]
[SourceTitle "EXT 2020"]
[Source "ChessBase"]
[SourceDate "2019.10.17"]
[SourceVersion "1"]
[SourceVersionDate "2019.10.17"]
[SourceQuality "1"]

1. d4 Nf6 2. Nf3 g6 3. c4 Bg7 4. Nc3 0-0 5. e3 d6 6. Be2 c6 7. 0-0 Qa5 8. a3 e5 9. b4 Qc7 10. Bb2 e4 11. Nd2 d5 12. Rc1 Qe7 13. b5 Be6 14. bxc6 bxc6 15. cxd5 cxd5 16. Nb5 Nbd7 17. a4 Rfc8 18. Rxc8+ Rxc8 19. Nxa7 Ra8 20. Nc6 Qd6 1/2-1/2

[Event "Sarajevo Bosna op 49th"]
[Site "Sarajevo"]
[Date "2019.05.03"]
[Round "9"]
[White "Petrovic, Marija"]
[Black "Kajevic, Dzevad"]
[Result "0-1"]
[WhiteElo "2068"]
[BlackElo "1925"]
[PlyCount "58"]
[EventDate "2019.04.27"]
[EventType "swiss"]
[EventRounds "9"]
[EventCountry "BIH"]
[SourceTitle "CBM 190 Extra"]
[Source "ChessBase"]
[SourceDate "2019.07.15"]
[SourceVersion "1"]
[SourceVersionDate "2019.07.15"]
[SourceQuality "1"]

1. d4 d5 2. Nf3 Nf6 3. g3 g6 4. Bg2 Bg7 5. 0-0 0-0 6. c3 c6 7. Nbd2 Re8 8. Re1 Nbd7 9. e4 Nxe4 10. Nxe4 dxe4 11. Rxe4 Nf6 12. Re1 Bg4 13. h3 Bxf3 14. Qxf3 Qb6 15. Bf1 Rad8 16. Bc4 Nd5 17. Bb3 Rd6 18. Bg5 Qd8 19. Rad1 b5 20. Kg2 a5 21. a4 h6 22. Bc1 Qd7 23. axb5 cxb5 24. Re5 e6 25. Re2 Rc8 26. Rde1 a4 27. Ba2 a3 28. Qd3 Qc6 29. Bb3 Nf4+ 0-1